00584nam a2200157 a 450000100100000000500170001000800410002704000250006808200160009311000760010924000160018524501300020125000120033126000620034330000210040500001400720200929163433.0091126s2002 dr r 001 0 spa d aDO-SdBNPbspacBNPHU axxxxbR426r1 aRepública DominicanabSecretaría de Estado de Relaciones Exteriores13aLeyes, etc.10aRecopilación de textos legales relacionados con la separación territorial domínico-haitiana llevada al terreno en 1929. a2a. ed. aSanto Domingo :bEscuela Diplomática y Consular,c2002. a110 p. ;c21 cm.